| 000 | 00548nam a2200229Ia 4500 | ||
|---|---|---|---|
| 003 | OSt | ||
| 005 | 20220927110437.0 | ||
| 006 | a|||||r|||| 00| 0 | ||
| 007 | ta | ||
| 008 | 220926b |||||||| |||| 00| 0 eng d | ||
| 024 | _a113708 | ||
| 037 | _cReports | ||
| 040 |
_aRTL _cRTL _beng |
||
| 041 |
_2eng _aeng |
||
| 082 | _a"Xz7, G21.1" | ||
| 100 |
_aSARKAR B.K. _9378318 |
||
| 245 | 0 | _aApplied Economics Vol.-I | |
| 260 | _c1932 | ||
| 300 |
_a308p. _ccm. |
||
| 942 |
_h"Xz7, G21.1" _cCC |
||
| 999 |
_c696731 _d696731 |
||